Maantiedettä kirjaimittain - J - Statistics

Yleistilastot
  • Tätä visaa on pelattu 1 575 kertaa
  • Keskiarvotulos 12 / 20
Vastaustilastot
Vihje Vastaus % Oikein
"Nousevan auringon maa" Japani
98%
Reggaemusiikki on lähtöisin tältä saarelta Jamaika
90%
Yllä olevan valtion valuutta Jeni
90%
Indonesian pääkaupunki Jakarta
88%
1990-luvun alkupuolella hajonnut valtio Balkanilla Jugoslavia
88%
Kaikkien abrahamilaisten uskontojen pyhä kaupunki Jerusalem
87%
Toora on tämän uskonnon tärkeä teksti Juutalaisuus
84%
Etelä-Afrikan suurin kaupunki Johannesburg
67%
Menestyksekäs torinolainen jalkapalloseura Juventus
65%
Vuonna 2015 alkaneen sisällissodan runtelema maa Jemen
62%
Suuren osan Tanskasta muodostava niemimaa Jyllanti
58%
Aasian pisin joki Jangtse
57%
Pääosin Meksikossa sijaitseva mayojen asuttama niemimaa Jukatan
55%
Yllä oleva sijaitsee tällä saarella Jaava
54%
Kuolleenmeren ja Genesaretinjärven yhdistävä joki Jordan
45%
Perinteinen Keski-Aasian paimentolaisten asuinmaja Jurtta
44%
Vuoden 1945 konferessista tunnettu kaupunki Krimillä Jalta
32%
Yksi brittiläisistä Kanaalisaarista Jersey
32%
Etelä-Sudanin pääkaupunki Juba
32%
Väkivallattomuutta korostava intialainen uskonto Jainalaisuus
18%
Ehtoja vastaavia visoja ei löytynyt
Tulosjakauma
Jokaisen tuloksen saaneiden osuus
Persentiili vastausten määrän mukaan
Tuloshistoriasi
Et ole pelannut tätä visaa